000 00875cab a2200289 4500
001 ABS47882
008 090401t1993 xxu||||| |||| 00| 0 eng d
035 _a(Sirsi) u63866
041 _aeng
100 _aMitchell, D.
245 2 _aA European Directive for mines
260 _c1993
350 _a0
490 _aMining Engineer
_v152(377) February 1993, 223-227 (5)
520 _aTraces in detail the origins of the Extractive Industries Directive, which covers health and safety, not technical, aspects of mining.
650 _aEC DIRECTIVES
650 _aEUROPEAN COMMISSION
650 _aEXTRACTIVE INDUSTRIES DIRECTIVE
650 _aHEALTH AND SAFETY
_96244
650 _aMINES SAFETY COMMISSION
650 _aMINING
650 _aQUARRIES
690 _aEUROPE-SINGLE MARKET
690 _aMINING AND MINERALS
942 _n0
948 _c04/03/1997
999 _c39736
_d39736